LEADER 01212nam a2200241 i 4500 001 000000145111 003 CaOOAMICUS 005 20080304000000.0 008 080304s1955 fr u000 u mul u 013 $a120503 040 $aSeMil$bita 245 10$aAutour d'Aristote :$brecueil d'études de philosophie ancienne et médiévale offert à monseigneur A. Mansion. 260 $aLouvain :$bPublications Universitaires de Louvain,$c1955. 300 $aXXX, 594 p. :$b[1] ritr. ;$c24 cm. 490 0 $aBibliothèque philosophique de Louvain ;$v16 500 $aContiene : Bibliographie de m. Mansion [pp. 41-44]. 600 04$aAristotele <384-322 a.C.>.$0(OLS)http://semarc/subject/1987 700 1 $aMansion, Augustin.$0(OLS)http://semarc/name/57888 830 0$aBibliothèque philosophique de Louvain ;$v16.$0(OLS)http://semarc/title/8156 850 $aSeMil 852 $aSeMil$W1$xVenegono$y1$m2R V 107$j97933$B97933$CSeMilBibl$Z2$F105793 $81 996 $6245$aAutour d'Aristote :$brecueil d'études de philosophie ancienne et médiévale offert à monseigneur A. Mansion$9(OLS)http://semarc/title/212250 996 $6260$aLouvain :$bPublications Universitaires de Louvain$9(OLS)http://semarc/publisher/33199 LEADER 01360nam a2200301 4500 001 000000337423 003 CaOOAMICUS 005 20211029120118.0 008 191023s2017 it 000 u ita r 020 $a978-88-98079-53-7 040 $aSeMil$bita 100 1 $aArnaldi, Girolamo,$d<1929-2016>.$0(OLS)http://semarc/name/7083 245 10$aPagine quotidiane /$cGirolamo Arnaldi ; a cura di Massimo Miglio e Salvatore Sansone. 264 1$aRoma :$bNella sede dell'Istituto,$c2017. 300 $a713 p. ;$c21 cm 490 1 $aFuori collana ;$v8 500 $aIn testa al front. : Istituto Storico Italiano per il Medio Evo 700 1 $aSansone, Salvatore.$0(OLS)http://semarc/name/110386 700 1 $aMiglio, Massimo,$d<1942->.$0(OLS)http://semarc/name/36264 710 2 $aIstituto storico italiano per il Medio Evo .$0(OLS)http://semarc/name/3800 830 0$aFuori collana ;$v8.$0(OLS)http://semarc/title/426427 850 $aSeMil 852 $aSeMil$W1$xVenegono$y1$m3W II 55$j219083$B229089$CSeMilBibl$Z2$F229089 $81 961 $aPerego don Stefano - Omaggio 996 $6020$a978-88-98079-53-7$9(OLS)http://semarc/number/288977 996 $6245$aPagine quotidiane$9(OLS)http://semarc/title/426419 996 $6264$aRoma :$bNella sede dell'Istituto$9(OLS)http://semarc/publisher/58640 LEADER 01322nam a2200313 4500 001 000000345846 003 CaOOAMICUS 005 20221215114431.0 008 210507s2014 it 000 u ita r 020 $a978-88-10-21002-4 040 $aSeMil$bita 100 0 $aTertullianus, Quintus Septimius Florens,$d.$0(OLS)http://semarc/name/1146 240 10$aDe cultu feminarum.$0(OLS)http://semarc/title/211199 245 12$aL'eleganza delle donne /$cTertulliano ; a cura di Sandra Isetta. 264 1$aBologna :$bEDB,$c2014. 300 $a63 p. ;$c19 cm 490 1 $aI classici 650 4$aTertulliano, Quinto Settimio Fiorente . De cultu feminarum.$0(OLS)http://semarc/subject/50367 700 1 $aIsetta, Sandra.$0(OLS)http://semarc/name/57740 830 2$aI classici.$0(OLS)http://semarc/title/431072 850 $aSeMil 852 $aSeMil$W1$xVenegono$y1$m2T I 299$j226369$B236899$CSeMilBibl$Z2$F236899 $81 900 0 $aTertulliano,$d. 961 $aPerego don Stefano - Omaggio 996 $6020$a978-88-10-21002-4$9(OLS)http://semarc/number/293118 996 $6245$aL'eleganza delle donne$9(OLS)http://semarc/title/435013 996 $6264$aBologna :$bEDB$9(OLS)http://semarc/publisher/29669 LEADER 00998nam a2200217 4500 001 000000358557 003 CaOOAMICUS 005 20240604152619.0 008 240604s1948 it f 000 u ita r 040 $aSeMil$bita 245 03$aLa capitolazione di Venezia del 22 marzo 1848 /$ca cura di Roberto Cessi. 264 1$aVenezia :$bOfficine Grafiche Carlo Ferrari,$c1948. 300 $a40 p.,$b14 p. di tav. ;$c24 cm 500 $aIn testa al front.: Istituto veneto di scienze, lettere ed arti. Celebrazione centenaria del 1848-49 650 4$aVenezia - Storia.$0(OLS)http://semarc/subject/2116 700 1 $aCessi, Roberto,$d<1885-1969>.$0(OLS)http://semarc/name/23856 850 $aSeMil 852 $aSeMil$W1$xVenegono$y1$m5C VI 2/13$j248586$B249660$CSeMilBibl$Z2$F249660 $81 996 $6245$aLa capitolazione di Venezia del 22 marzo 1848$9(OLS)http://semarc/title/448924 996 $6264$aVenezia :$bOfficine Grafiche Carlo Ferrari$9(OLS)http://semarc/publisher/36253 LEADER 00973nam a2200229 i 4500 001 000000237008 003 CaOOAMICUS 005 20141216000000.0 008 141216s1962 it u000 u ita u 013 $a215913 040 $aSeMil$bita 100 1 $aBaget Bozzo, Gianni,$c.$0(OLS)http://semarc/name/11146 245 10$aCristianesimo e ordine civile /$cGiovanni Baget - Bozzo. 260 $a[Roma] :$bEdizioni romane Mame,$cstampa 1962. 300 $a144 p. ;$c19 cm. 490 0 $aProblemi della Chiesa ;$v8 650 4$aCristianesimo - Rapporti [con la] Società.$0(OLS)http://semarc/subject/49907 830 0$aProblemi della Chiesa ;$v8.$0(OLS)http://semarc/title/13352 850 $aSeMil 852 $aSeMil$W1$xVenegono$y1$m3N I 288$j187354$B187354$CSeMilBibl$Z2$F198221 $81 996 $6245$aCristianesimo e ordine civile$9(OLS)http://semarc/title/337745 996 $6260$a[Roma] :$bEdizioni romane Mame$9(OLS)http://semarc/publisher/46936 LEADER 00909nam a2200193 i 4500 001 000000025130 003 CaOOAMICUS 005 20180830125446.0 008 180830n it u000 u ita u 040 $aSeMil$bita 245 10$aFondamenti patristici del presbiterato. 260 $aRoma :$bPontificio Seminario Romano Maggiore,$c[19--?] 300 $av. ;$c22 cm. 774 0 $aMara, Maria Grazia$tSpiritualità nella Chiesa primitiva.$g1$w()203500 774 0 $aMara, Maria Grazia$tSpiritualità nella Chiesa primitiva.$g2$w()203501 774 0 $aTrapè, Agostino $tSpiritualità nella Chiesa primitiva.$g3$w()203502 774 0 $aTrapè, Agostino $tSpiritualità nella Chiesa primitiva.$g4$w()203504 996 $6245$aFondamenti patristici del presbiterato$9(OLS)http://semarc/title/33840 996 $6260$aRoma :$bPontificio Seminario Romano Maggiore$9(OLS)http://semarc/publisher/36372 LEADER 01377nam a2200277 i 4500 001 000000195277 003 CaOOAMICUS 005 20161111000000.0 008 161111s1983 it u000 u ita u 013 $a173947 040 $aSeMil$bita 100 1 $aTognoli, Carlo.$0(OLS)http://semarc/name/70875 245 10$aJarry e la Patafisica :$barte, letteratura, spettacolo /$cinterventi di Carlo Tognoli ... [et al.] ; a cura di Enrico Baj, Vincenzo Accame, Brunella Eruli. 260 $aMilano :$bFabbri,$c1983. 260 $aMilano :$bComune, Ripartizione cultura e spettacolo,$c1983. 300 $a174 p. :$bill. ;$c17 cm. 650 4$aArte - Movimenti d'avanguardia - Sec. 20. - Esposizioni.$0(OLS)http://semarc/subject/36681 700 1 $aEruli, Brunella.$0(OLS)http://semarc/name/70876 700 1 $aAccame, Vincenzo.$0(OLS)http://semarc/name/15107 700 1 $aBaj, Enrico.$0(OLS)http://semarc/name/21684 850 $aSeMil 852 $aSeMil$W1$xVenegono$y1$m5R I 188$j145846$B145846$CSeMilBibl$Z2$F214814 $81 961 $aOmaggio: Grampa dott. Cesare 996 $6245$aJarry e la Patafisica :$barte, letteratura, spettacolo$9(OLS)http://semarc/title/281702 996 $6260$aMilano :$bComune, Ripartizione cultura e spettacolo$9(OLS)http://semarc/publisher/50731 996 $6260$aMilano :$bFabbri$9(OLS)http://semarc/publisher/30054 LEADER 01213nam a2200277 i 4500 001 000000124021 003 CaOOAMICUS 005 20040317000000.0 008 040317s1996 it u000 u ita u 013 $a96718 020 $a88-215-3185-6 040 $aSeMil$bita 100 1 $aWatts, Fraser.$0(OLS)http://semarc/name/51521 245 10$aPsicologia della fede :$bla conoscenza religiosa alla luce della psicologia /$cFraser Watts, Mark Williams. 260 $aCinisello Balsamo :$bSan Paolo,$ccopyr. 1996. 300 $a221 p. ;$c21 cm. 490 0 $aPsicologia ;$v29 650 4$aReligione e psicologia.$0(OLS)http://semarc/subject/10191 700 1 $aWilliams, Mark.$0(OLS)http://semarc/name/51522 830 0$aPsicologia [San Paolo] ;$v29.$0(OLS)http://semarc/title/6207 850 $aSeMil 852 $aSeMil$W1$xVenegono$y1$m2O VII 8$j78655$B78655$CSeMilBibl$Z2$F81044 $81 961 $aRecupero: Seminario di Seveso 996 $6020$a88-215-3185-6$9(OLS)http://semarc/number/109721 996 $6245$aPsicologia della fede :$bla conoscenza religiosa alla luce della psicologia$9(OLS)http://semarc/title/182465 996 $6260$aCinisello Balsamo :$bSan Paolo$9(OLS)http://semarc/publisher/30129